La responsabilidad administrativa y procedimientos disciplinarios
Guardat en:
| Autor principal: | |
|---|---|
| Format: | Llibre |
| Idioma: | espanyol |
| Publicat: |
Santiago
Thomson Reuters Puntolex
2011
|
| Matèries: | |
| Etiquetes: |
Afegir etiqueta
Sense etiquetes, Sigues el primer a etiquetar aquest registre!
|
MARC
| LEADER | 00000cam a2200000 a 4500 | ||
|---|---|---|---|
| 001 | UCG8647 | ||
| 003 | CL-VaPUC | ||
| 008 | 111223e20110000CL |||||||||||||||||spa|d | ||
| 020 | |a 9789563370928 | ||
| 082 | 0 | 4 | |a 342.830684 |b ALD |2 21 |
| 100 | 0 | |a Aldunate Ramos, Francisco Javier |e author |9 559755 | |
| 245 | 1 | 3 | |a La responsabilidad administrativa y procedimientos disciplinarios |
| 300 | |a 162 p | ||
| 942 | |c BK | ||
| 945 | |d 20111223 00:00:00 |a dcastane | ||
| 260 | |a Santiago |b Thomson Reuters Puntolex |c 2011 | ||
| 650 | 0 | |a Derecho administrativo |9 254851 | |
| 650 | 0 | |a Funcionarios públicos |9 405107 | |
| 650 | 0 | |a Responsabilidad administrativa |9 256129 | |
| 650 | 0 | |a Responsabilidad penal |9 254899 | |
| 650 | 7 | |a RESPONSABILIDAD CIVIL |2 CL-VaPUC |9 559756 | |
| 650 | 7 | |a ESTATUTO ADMINISTRATIVO |2 CL-VaPUC |9 255948 | |
| 583 | |a last modification |c 20111223 12:06:00 |k Rodrigo Vera | ||
| 999 | |c 346251 |d 346249 | ||
| 952 | |0 0 |1 0 |4 0 |6 342_830684000000000_ALD_2011 |7 0 |8 A |9 446885 |a BIBDER |b BIBDER |d 2019-11-22 |i 4816293 |o 342.830684 ALD 2011 |p 4816293 |r 2023-01-25 |w 2019-11-22 |y BK |k DER | ||